| 000 | 00487nam a22001697a 4500 | ||
|---|---|---|---|
| 999 |
_c5370 _d5370 |
||
| 003 | GBCCL | ||
| 005 | 20241126110540.0 | ||
| 008 | 180315b ||||| |||| 00| 0 eng d | ||
| 040 | _cgbc | ||
| 082 |
_a269.2092 _bCLO |
||
| 100 |
_aJayaraj, K. Franklynn _99667 |
||
| 245 |
_aJohn Everett Clough: _bMoses of 19th Century / _cK. Franklynn Jayaraj |
||
| 260 |
_aUdupi: _bMysoul Trust (R.), _c2006 |
||
| 300 |
_a66 p.; _bill., _c21 cm. |
||
| 650 |
_aChristian Biography _91119 |
||
| 942 |
_2ddc _cBK _01 |
||